Top Goalscorers in UEFA European Championships (Euros) History - Statistics

General Stats
  • This quiz has been taken 294 times
    124 since last reset
  • The average score is 24 of 39
Answer Stats
Rank Player Nation Matches Goals Tournament(s) % Correct
1st Cristiano Ronaldo 30 14 2004 | 2008 | 2012 | 2016 | 2020 | (2024)
100%
6th Harry Kane 18 7 (2016) | 2020 | 2024
93%
12th Zlatan Ibrahimović 13 6 2004 | 2008 | 2012 | (2016)
91%
12th Robert Lewandowski 13 6 2012 | 2016 | 2020 | 2024
89%
10th Wayne Rooney 10 6 2004 | 2012 | 2016
89%
24th Gerd Müller 2 4 1972
84%
2nd Michel Platini 5 9 1984
84%
14th Romelu Lukaku 14 6 2016 | 2020 | (2024)
84%
24th Dieter Müller 2 4 1976
82%
11th Thierry Henry 11 6 2000 | 2004 | 2008
82%
4th Álvaro Morata 17 7 2016 | 2020 | 2024
81%
4th Antoine Griezmann 17 7 2016 | 2020 | (2024)
81%
26th David Villa 4 4 2008
76%
8th Ruud van Nistelrooy 8 6 2004 | 2008
76%
17th Marco van Basten 9 5 1988 | (1992)
75%
20th Fernando Torres 13 5 (2004) | 2008 | 2012
74%
7th Patrik Schick 7 6 2020 | 2024
74%
3rd Alan Shearer 9 7 (1992) | 1996 | 2000
73%
39th Luka Modrić 16 4 2008 | (2012) | 2016 | 2020 | 2024
73%
23rd Zinedine Zidane 14 5 (1996) | 2000 | 2004
72%
19th Xherdan Shaqiri 11 5 2016 | 2020 | 2024
71%
33rd Karim Benzema 10 4 (2008) | (2012) | 2020
67%
20th Mario Gómez 13 5 (2008) | 2012 | 2016
62%
14th Nuno Gomes 14 6 2000 | 2004 | 2008
62%
33rd Henrik Larsson 10 4 2000 | 2004 | (2008)
54%
9th Patrick Kluivert 9 6 1996 | 2000 | 2004
54%
37th Ivan Perišić 13 4 (2012) | 2016 | 2020 | (2024)
49%
20th Jürgen Klinsmann 13 5 1988 | 1992 | 1996
44%
37th Dennis Bergkamp 13 4 1992 | 1996
38%
29th Rudi Völler 8 4 1984 | 1988 | (1992)
38%
31st Kai Havertz 9 4 2020 | 2024
37%
36th Lukas Podolski 12 4 (2004) | 2008 | 2012 | (2016)
37%
18th Milan Baroš 10 5 2004 | (2008) | (2012)
35%
28th Emil Forsberg 7 4 (2016) | 2020
32%
31st Angelos Charisteas 9 4 2004 | 2008
17%
29th Roman Pavlyuchenko 8 4 2008 | 2012
15%
16th Savo Milošević 4 5 2000
12%
35th Vladimír Šmicer 11 4 1996 | 2000 | 2004
11%
27th Dragan Džajić 5 4 1968 | 1976
9%
No matching quizzes found
Score Distribution
Percent of People with Each Score
Percentile by Number Answered
Your Score History
You have not taken this quiz since the last reset